000 00557nam a2200181Ia 4500
008 090124s9999 xx 000 0 und d
082 _b6290
_a850
100 _aपेन्ढारकर भाल.जी.
245 _a अजिंक्य तारा
250 _a1
260 _c1942
300 _a72
600 _aपेन्ढारकर भाल.जी.
630 _a अजिंक्य तारा
700 _aपेन्ढारकर भाल.जी.
730 _a अजिंक्य तारा
942 _cBOOK
999 _c120231
_d120231